Hodnocení bezpečnosti informací v informačních systémech a návratnost investic

Bezpečnost informácií je aktuálna problémová oblasť na všetkých úrovniach riadenia organizácie. Metódy kvantitatívneho hodnotenia bezpečnosti informácií v informačných systémoch podnikovej praxe.

Saved in:
Bibliographic Details
Main Author: Urbanec, Jiří
Format: Book Chapter
Language:Czech
Subjects:
Tags: Add Tag
No Tags, Be the first to tag this record!

MARC

LEADER 00000nla a2200000 4500
001 0198842
005 20240417075054.4
041 0 |a cze 
044 |a CZ 
245 1 0 |a Hodnocení bezpečnosti informací v informačních systémech a návratnost investic  |c Jiří Urbanec 
520 |a Bezpečnost informácií je aktuálna problémová oblasť na všetkých úrovniach riadenia organizácie. Metódy kvantitatívneho hodnotenia bezpečnosti informácií v informačných systémoch podnikovej praxe. 
610 2 0 |a technológie informačné 
610 2 0 |a technológie komunikačné 
610 2 0 |a systémy informačné podnikové 
610 2 0 |a ochrana dát 
610 2 0 |a bezpečnosť informačná 
100 1 |a Urbanec, Jiří